|
|
|
|
| LEADER |
00000nam0a2200000 4500 |
| 001 |
31246 |
| 005 |
20231030204408.0 |
| 010 |
|
|
|a 5020084018
|
| 035 |
|
|
|a (RuTPU)RU\TPU\book\31523
|
| 035 |
|
|
|a BOOK00031602
|
| 090 |
|
|
|a 31246
|
| 100 |
|
|
|a 20011209d2001 k y0rusy50 ca
|
| 101 |
0 |
|
|a rus
|
| 102 |
|
|
|a RU
|
| 105 |
|
|
|a c z 001zd
|
| 200 |
1 |
|
|a 60-е годы XIX - начало XX века. Возникновение кредитной кооперации в России. Ч. 1
|
| 210 |
|
|
|d 2001
|
| 215 |
|
|
|a 603 с.
|
| 320 |
|
|
|a Имен. указ.: с. 596-601.
|
| 461 |
|
|
|t Кооперация. Страницы истории
|o Избранные труды российских экономистов, общественных деятелей, кооператоров-практиков: В 3-х т.
|v Т. 1, Кн. 2
|f Российская академия наук; Институт экономики
|d 2001
|s Памятники экономической мысли
|
| 600 |
|
1 |
|a Лугинин
|g Владимир Федорович
|b В. Ф.
|c российский физикохимик
|f 1834-1911
|2 stltpui
|3 (RuTPU)RU\TPU\pers\1903
|
| 600 |
|
1 |
|a Роберти (де Роберти де Кастро де ла Серда)
|b Е. В.
|g Евгений Валентинович
|c российский социолог
|f 1843-1915
|2 stltpush
|3 (RuTPU)RU\TPU\pers\12429
|
| 600 |
|
1 |
|a Васильчиков
|b А. И.
|g Александр Илларионович
|c русский князь
|c экономист
|c публицист
|c земский деятель
|f 1818-1881
|2 stltpush
|3 (RuTPU)RU\TPU\pers\12430
|
| 600 |
|
1 |
|a Фирсов
|b Н. Н.
|g Николай Николаевич
|c российский историк
|f 1864-1934
|2 stltpush
|3 (RuTPU)RU\TPU\pers\12433
|
| 600 |
|
1 |
|a Колюпанов
|b Н. П.
|g Нил Петрович
|c российский общественный деятель
|c писатель-публицист
|f 1827-1894
|2 stltpush
|3 (RuTPU)RU\TPU\pers\12431
|
| 600 |
|
1 |
|a Яковлев
|b А. В.
|g Александр Васильевич
|c российский общественный деятель
|c просветитель
|f 1835-1888
|2 stltpush
|3 (RuTPU)RU\TPU\pers\12432
|
| 610 |
1 |
|
|a экономика
|
| 610 |
1 |
|
|a экономическая история
|
| 610 |
1 |
|
|a экономическая мысль
|
| 610 |
1 |
|
|a история
|
| 610 |
1 |
|
|a кооперация
|
| 610 |
1 |
|
|a 19 век
|
| 610 |
1 |
|
|a 20 век
|
| 686 |
|
|
|a У02(2)
|v LBC/SL-A
|2 rubbk
|
| 801 |
|
0 |
|a RU
|b 63413507
|c 20011209
|g PSBO
|
| 801 |
|
2 |
|a RU
|b 63413507
|c 20120923
|g PSBO
|
| 942 |
|
|
|c BK
|